Normal view MARC view

Entry Personal Name

Number of records used in: 3

001 - CONTROL NUMBER

  • control field: 1237827

003 - CONTROL NUMBER IDENTIFIER

  • control field: OSt

005 - DATE AND TIME OF LATEST TRANSACTION

  • control field: 20260430150541.0

008 - FIXED-LENGTH DATA ELEMENTS

  • fixed length control field: 260430|| aca||aabn | a|a d

040 ## - CATALOGING SOURCE

  • Original cataloging agency: OSt
  • Transcribing agency: OSt

100 ## - HEADING--PERSONAL NAME

  • Personal name: University of Delhi. Faculty of Inter-Disciplinary&Applied Science. Deptt. of Genetics

670 ## - SOURCE DATA FOUND

  • Source citation: Work cat.: (OSt)1850056: Priyanka Au.; Burma P.K. Gu.; Rajam M.V. Gu. 1237826, Plant Regeneration, Agrobacterium-Mediated Transformation and Over Expression of miR397b for Yield Improvement in Black Rice (Oryza sativa, cv. Chakhao Amubi), 2024
Copyright @ Delhi University Library System